000 00477nam a2200145 i 4500
001 22532
003 ES-MaACL
007 t|
008 021203s1914 sp ||||1| spa d
100 1 _aAlonso Getino, Luis G.
_920331
245 1 3 _aEl maestro Francisco de Vitoria y el Renacimiento filosófico teológico del siglo XVI /
_cpor Luis G. Alonso Getino.
260 _aMadrid :
_bRev. Arch. Bibl. y Museos,
_c1914.
300 _aVIII, 280 p. ;
_c25 cm.
852 _aES-MaACL
_jG-5329
999 _c22532
_d22532